Los primeros laicos: cuando la Iglesia nacía en el mundo

Saved in:
書目詳細資料
主要作者: Faivre, Alexandre (Author)
格式: 圖書
語言:西班牙语
出版: Burgos Monte Carmelo 2001
叢編:Estudios MC
主題:
標簽: 添加標簽
沒有標簽, 成為第一個標記此記錄!

MARC

LEADER 00000nam a2200000 a 4500
001 UCL4971
003 CL-VaPUC
008 040227e20010000SP |||||||||||||||||spa|d
020 |a 8472396231 
082 0 4 |a 262.15  |b FAI  |2 21 
100 0 |a Faivre, Alexandre  |e author  |9 482702 
245 1 4 |a Los primeros laicos: cuando la Iglesia nacía en el mundo 
300 |a 331 p 
942 |c BK 
945 |d 20040227 00:00:00  |a cmena 
260 |a Burgos  |b Monte Carmelo  |c 2001 
650 0 |a Laicismo  |9 313856 
650 0 |a Historia de la iglesia   |9 257565 
583 |a last modification  |c 20040227 00:00:00  |k Rodrigo Vera 
490 0 |a Estudios MC 
999 |c 307716  |d 307714 
952 |0 0  |1 0  |4 0  |6 262_150000000000000_FAI_2001  |7 0  |8 A  |9 373799  |a BIBTEO  |b BIBTEO  |d 2019-11-21  |i 397149K  |o 262.15 FAI 2001  |p 397149K  |r 2025-01-17  |w 2019-11-21  |y BK  |k ICR